Dərs vəsaiti (Record no. 101)

MARC details
000 -LEADER
fixed length control field 02056nam a2200301Ia 4500
003 - CONTROL NUMBER IDENTIFIER
control field OSt
005 - DATE AND TIME OF LATEST TRANSACTION
control field 20260403084509.0
008 - FIXED-LENGTH DATA ELEMENTS--GENERAL INFORMATION
fixed length control field 260210s9999||||xx |||||||||||||| ||und||
020 ## - INTERNATIONAL STANDARD BOOK NUMBER
International Standard Book Number 9789952830521
040 ## - CATALOGING SOURCE
Original cataloging agency Az-XaKU
Language of cataloging aze
Transcribing agency Az-XaKU
041 0# - LANGUAGE CODE
Language code of text/sound track or separate title aze
050 14 - LIBRARY OF CONGRESS CALL NUMBER
Classification number PN81 .Al480 .T3142 2019 v.8
100 1# - MAIN ENTRY--PERSONAL NAME
Personal name Əliyev, Kamran,
Titles and words associated with a name AMEA-nın müxbir üzvü, Əməkdar elm xadimi, filologiya elmləri doktoru, professor,
Dates associated with a name 1953-2020,
Relator term müəllif.
245 10 - TITLE STATEMENT
Title Dərs vəsaiti
Remainder of title : Əsərləri 10 cilddə, VIII cild
Statement of responsibility, etc. / Kamran Əliyev ; elmi redaktor akademik Nizami Cəfərov ; tərtib edən və nəşrinə məsul filologiya üzrə fəlsəfə doktoru Gülnar Osmanova
Number of part/section of a work VIII cild
264 ## - PRODUCTION, PUBLICATION, DISTRIBUTION, MANUFACTURE, AND COPYRIGHT NOTICE
Place of production, publication, distribution, manufacture Bakı:
Name of producer, publisher, distributor, manufacturer "Elm və təhsil",
Date of production, publication, distribution, manufacture, or copyright notice 2019.
300 ## - PHYSICAL DESCRIPTION
Extent 516 səhifə ;
Other physical details şəkil ;
Dimensions 21 sm.
336 ## - CONTENT TYPE
Content type term text
Content type code txt
Source rdacontent
337 ## - MEDIA TYPE
Media type term unmediated
Media type code n
Source rdamedia
338 ## - CARRIER TYPE
Carrier type term volume
Carrier type code nc
Source rdacarrier
504 ## - BIBLIOGRAPHY, ETC. NOTE
Bibliography, etc. note Adlar göstəricisi : s. 489-497.
505 0# - Formatted Contents Note
Formatted contents note Mənən, ruhən pedaqoq -- Azərbaycan dili -- Fonetika -- Leksika -- Sözün tərkibi. Söz yaradıcılığı -- Morfologiya -- Əsas nitq hissələri -- İsim -- Sifət -- Say -- Əvəzlik -- Feil -- Zərf -- Köməkçi nitq hissələri -- Sintaksis -- Cümlə üzvləri -- Sadə cümlə. Şəxsə görə növləri -- Mürəkkəb cümlə -- Dil və dilçilik -- Nitq mədəniyyəti -- Ədəbi dilin normaları -- Üslubiyyət -- Azərbaycan ədəbi dilinin üslubları -- Ədəbiyyat -- Ədəbiyyat nəzəriyyəsi -- Azərbaycan şifahi xalq ədəbiyyatı -- Azərbaycan ədəbiyyatı tarixi -- Məqalələr
520 0# - SUMMARY, ETC.
Summary, etc. Kitaba müəllifin müəllimlər, şagirdlər, abituriyentlər üçün tərtib etdiyi "Azərbaycan dili" və "Ədəbiyyat" adlı dərs vəsaitləri, həmçinin ədəbiyyatşünaslıq və dilçiliklə bağlı məqalələri daxil edilmişdir.
650 #7 - SUBJECT ADDED ENTRY--TOPICAL TERM
Source of heading or term Az-XaKU
Topical term or geographic name entry element Dilçilik
General subdivision Ədəbiyyatşünaslıq.
700 1# - ADDED ENTRY--PERSONAL NAME
Personal name Cəfərov, Nizami,
Relator term elmi redaktor.
700 1# - ADDED ENTRY--PERSONAL NAME
Personal name Osmanova, Gülnar,
Relator term tərtib edən və nəşrinə məsul.
942 ## - ADDED ENTRY ELEMENTS (KOHA)
Koha item type Book
Holdings
Withdrawn status Lost status Source of classification or shelving scheme Damaged status Not for loan Collection Home library Current library Date acquired Total checkouts Full call number Barcode Date last seen Copy number Price effective from Koha item type
    Library of Congress Classification     General Collection Karabakh University Main Library Karabakh University Business & Economics Library 04/01/2026   PN81.Al480.T3142 2019 v.8 c.2 0000000539 04/01/2026 2 04/01/2026 Book
    Library of Congress Classification     General Collection Karabakh University Main Library Karabakh University Main Library 04/01/2026   PN81.Al480.T3142 2019 v.8 0000000134 04/01/2026 1 04/01/2026 Book